Historia Universal: desarrollo de la humanidad en la sociedad y el estado, en la economía y la vida espiritual
Wedi'i Gadw mewn:
| Prif Awdur: | |
|---|---|
| Fformat: | Llyfr |
| Iaith: | Sbaeneg |
| Cyhoeddwyd: |
Madrid
Espasa-Calpe
1950
|
| Pynciau: | |
| Tagiau: |
Ychwanegu Tag
Dim Tagiau, Byddwch y cyntaf i dagio'r cofnod hwn!
|
MARC
| LEADER | 00000nam a2200000 a 4500 | ||
|---|---|---|---|
| 001 | UCQ4180 | ||
| 003 | CL-VaPUC | ||
| 008 | 980904e19500000SP |||||||||||||||||spa|d | ||
| 082 | 0 | 4 | |a 909 |b GOE |2 21 |
| 100 | |a Goetz, Walter |e author |9 586543 | ||
| 245 | 1 | 0 | |a Historia Universal: desarrollo de la humanidad en la sociedad y el estado, en la economía y la vida espiritual |
| 300 | |a v | ||
| 942 | |c BK | ||
| 945 | |d 19980904 00:00:00 |a mvenant | ||
| 260 | |a Madrid |b Espasa-Calpe |c 1950 | ||
| 500 | |a v.1: El despertar de la humanidad;v.2: Helade y Roma: el origen del cristianismo;v.3: La edad media hasta el final de los Staufen;v.4: La época del gótico y el renacimiento;v.5: La época de la revolución religiosa, la reforma y la contrarreforma;v.6: La época del absolutismo;v.7: La revolución francesa, Napoleón y la restauración;v.8: Liberalismo y nacionalismo;v.9: Sistema de los estados mundiales;v.10: La época del imperialismo | ||
| 650 | 0 | |a Historia |9 255047 | |
| 650 | 0 | |a Prehistoria |9 316557 | |
| 650 | 7 | |a ISLAM |2 CL-VaPUC |9 349147 | |
| 650 | 0 | |a Edad media |9 258041 | |
| 650 | 0 | |a Renacimiento |9 255107 | |
| 650 | 7 | |a REFORMA |2 CL-VaPUC |9 319527 | |
| 650 | 0 | |a Revolución francesa |9 324244 | |
| 651 | 0 | |a Egipto |9 268199 | |
| 651 | 7 | |a ORIENTE |2 CL-VaPUC |9 266721 | |
| 651 | 0 | |a Grecia |9 265314 | |
| 651 | 0 | |a Roma |9 255106 | |
| 651 | 7 | |a BIZANCIO |2 CL-VaPUC |9 353433 | |
| 583 | |a last modification |c 19980904 00:00:00 |k Rodrigo Vera | ||
| 999 | |c 274610 |d 274608 | ||
| 952 | |0 0 |1 0 |4 0 |6 909_000000000000000_GOE_1950 |7 0 |8 P |9 310869 |a BIBEDU |b BIBEDU |d 2019-11-20 |h v.1 |i 344208K |o 909 GOE 1950 |p 344208K |r 2019-11-20 |w 2019-11-20 |y BK |k BME | ||
| 952 | |0 0 |1 0 |4 0 |6 909_000000000000000_GOE_1950 |7 0 |8 P |9 310870 |a BIBEDU |b BIBEDU |d 2019-11-20 |h v.2 |i 3442098 |o 909 GOE 1950 |p 3442098 |r 2019-11-20 |w 2019-11-20 |y BK |k BME | ||
| 952 | |0 0 |1 0 |4 0 |6 909_000000000000000_GOE_1950 |7 0 |8 P |9 310871 |a BIBEDU |b BIBEDU |d 2019-11-20 |h v.3 |i 3442101 |o 909 GOE 1950 |p 3442101 |r 2019-11-20 |w 2019-11-20 |y BK |k BME | ||
| 952 | |0 0 |1 0 |4 0 |6 909_000000000000000_GOE_1950 |7 0 |8 P |9 310872 |a BIBEDU |b BIBEDU |d 2019-11-20 |h v.4 |i 344211K |o 909 GOE 1950 |p 344211K |r 2019-11-20 |w 2019-11-20 |y BK |k BME | ||
| 952 | |0 0 |1 0 |4 0 |6 909_000000000000000_GOE_1950 |7 0 |8 P |9 310873 |a BIBEDU |b BIBEDU |d 2019-11-20 |h v.5 |i 3442128 |o 909 GOE 1950 |p 3442128 |r 2019-11-20 |w 2019-11-20 |y BK |k BME | ||
| 952 | |0 0 |1 0 |4 0 |6 909_000000000000000_GOE_1950 |7 0 |8 P |9 310874 |a BIBEDU |b BIBEDU |d 2019-11-20 |h v.6 |i 3442136 |o 909 GOE 1950 |p 3442136 |r 2019-11-20 |w 2019-11-20 |y BK |k BME | ||
| 952 | |0 0 |1 0 |4 0 |6 909_000000000000000_GOE_1950 |7 0 |8 P |9 310875 |a BIBEDU |b BIBEDU |d 2019-11-20 |h v.7 |i 3442144 |o 909 GOE 1950 |p 3442144 |r 2019-11-20 |w 2019-11-20 |y BK |k BME | ||
| 952 | |0 0 |1 0 |4 0 |6 909_000000000000000_GOE_1950 |7 0 |8 P |9 310876 |a BIBEDU |b BIBEDU |d 2019-11-20 |h v.8 |i 3442152 |o 909 GOE 1950 |p 3442152 |r 2019-11-20 |w 2019-11-20 |y BK |k BME | ||
| 952 | |0 0 |1 0 |4 0 |6 909_000000000000000_GOE_1950 |7 0 |8 P |9 310877 |a BIBEDU |b BIBEDU |d 2019-11-20 |h v.9 |i 3442160 |o 909 GOE 1950 |p 3442160 |r 2019-11-20 |w 2019-11-20 |y BK |k BME | ||
| 952 | |0 0 |1 0 |4 0 |6 909_000000000000000_GOE_1950 |7 0 |8 P |9 310878 |a BIBEDU |b BIBEDU |d 2019-11-20 |h v.10 |i 3442179 |o 909 GOE 1950 |p 3442179 |r 2019-11-20 |w 2019-11-20 |y BK |k BME | ||